Anàlisi de l'activitat dels centres de planificació familiar subvencionats per la Diputació de Barcelona 1982 - 1984 / Anto Boqué, Jopse [i.e. Josep] M. ; amb la col·laboració de Torrent Quetglas, Maties
ISBN:
84-505-6688-6
Descripción Física:
57 p. : taules ; 24 cm
Colección:
Butlletí planificació familiar ; 6
Otros Autores:
Torrent Quetglas, Maties
MARC
| LEADER | 00000nam a2200000Ia 4500 | ||
|---|---|---|---|
| 001 | 8110 | ||
| 008 | 160829s9999 xx 000 0 cat d | ||
| 020 | |a 84-505-6688-6 | ||
| 080 | |a C-2-348 | ||
| 100 | |a Anto i Boqué, Josep Maria |9 28567 | ||
| 245 | |a Anàlisi de l'activitat dels centres de planificació familiar subvencionats per la Diputació de Barcelona 1982 - 1984 / Anto Boqué, Jopse [i.e. Josep] M. ; amb la col·laboració de Torrent Quetglas, Maties | ||
| 260 | |a Barcelona : |b Diputació de Barcelona. Servei de Sanitat, DL 1987 | ||
| 300 | |a 57 p. : |b taules ; |c 24 cm | ||
| 490 | |a Butlletí planificació familiar ; 6 | ||
| 650 | |a Control de la natalitat |x Barcelona |x Avaluació |9 28568 | ||
| 700 | |a Torrent Quetglas, Maties |9 28569 | ||
| 710 | 1 | |a Barcelona (Catalunya : Província). |b Servei de Sanitat |9 54402 | |
| 901 | |a Arxiu | ||
| 942 | |n 1 | ||
| 952 | |0 0 |1 0 |4 0 |6 C2348 |7 1 |9 44869 |a Arxiu |b Arxiu |d 2016-12-01 |l 0 |o C-2-348 |p 8110 |r 2016-12-01 00:00:00 |w 2016-12-01 |y ARXIU | ||
| 999 | |c 47467 |d 47467 | ||